[Event "GER-ch-Seniors-50 2019"]
[Site "Radebeul"]
[Date "2019.04.26"]
[Round "1.1"]
[White "Pirrot, Dieter"]
[Black "Pichler, Manfred"]
[Result "0-1"]
[WhiteElo "2334"]
[BlackElo "2017"]
[Annotator "TA"]
[PlyCount "76"]
[EventDate "2019.04.26"]
[EventType "swiss"]
[EventCountry "GER"]
[SourceTitle "playchess.com"]
[Source "ChessBase"]
[SourceQuality "1"]

{[%evp 9,76,56,77,63,65,68,75,65,81,59,68,69,72,75,160,166,131,8,58,53,84,-30,-24,-22,-47,-50,-44,-45,-47,-39,-30,-53,-39,-36,-35,-52,-16,-73,-77,-131,-133,-118,-94,-146,-123,-205,-223,-272,-232,-465,0,-99,0,-453,0,-110,0,-280,-259,-368,-376,-554,-358,-366,-374,-5606,-1443,-29994,-29995]} 1. e4 d5 2. exd5 Qxd5 3. Nf3 Nf6 4. d4 c6 5. Be2 Bg4 6. O-O {B01: Scandinavian Defence} (6. h3 Bxf3 7. Bxf3 Qa5+ 8. c3 e6 9. Bf4 Qa6 10. Qb3 Nbd7 11. Nd2 Nd5 12. Bg3 Be7 13. Nc4 {1-0 (48) Giri,A (2752)-Kramnik,V (2783) Flor & Fjaere 2014}) 6... e6 7. c4 Qa5 8. Nc3 {White is better.} Bd6 9. c5 Be7 10. Qb3 $146 ({Predecessor:} 10. Be3 O-O 11. Ne5 Bxe2 12. Qxe2 {0-1 (54) Halvorsen,B (1768)-Smeby,O (1998) Oslo 2018}) 10... Qc7 11. Bf4 {[%mdl 64] Deflection} Qxf4 (11... Qc8 $142) 12. Qxb7 $16 O-O 13. Ne5 ({Better is} 13. g3 $16 Qf5 14. Nh4) 13... Bxe2 14. Nxe2 Qd2 15. Qxa8 ({White should try} 15. Rfe1 $1 $16 Nbd7 16. Nxd7 Nxd7 17. Qxd7) 15... Qxe2 $11 16. Qxa7 Nd5 17. Qb7 Bf6 {[%mdl 1024] Black has compensation.} 18. Rfe1 Qc2 19. Nf3 Nf4 20. Rad1 Qg6 {[%csl Gf4][%cal Rg6g2]} 21. g3 Qg4 $40 {[%mdl 128] Black is up to no good.} 22. Re3 Nh3+ 23. Kf1 (23. Kg2 $1 $11 {remains equal.}) 23... Ng5 $17 24. Kg2 {[#]} Nxf3 $1 25. Rxf3 Bxd4 26. b4 (26. a4 $142) 26... e5 {White must now prevent ...e4.} 27. Re1 {[#]} (27. Rd2 $17) 27... Qe6 $1 $19 28. Ra3 Nd7 29. Ra6 $2 (29. Qa6) 29... Nb8 $2 (29... Qd5+ $19 30. Kg1 Qf3) 30. Ra8 (30. Ra3 $1 $11 {was the only way to keep the balance.}) 30... Nd7 $2 {[%mdl 8192]} (30... Qd5+ $17 31. Kg1 Nd7) 31. Ra6 $1 Nb8 $2 (31... Qd5+ $19 32. Kg1 Qf3) 32. Ra8 $17 {And now Qxb8 would win.} Nd7 (32... Qd5+ $17 33. Kg1 Nd7) 33. a4 $2 {[%mdl 8192]} (33. Ra6 $1 $11) 33... Qd5+ 34. Kg1 (34. f3 $142) 34... g6 $19 35. a5 (35. Rxf8+ {was worth a try.} Kxf8 36. Qa6) 35... Rxa8 36. Qxa8+ Kg7 {Hoping for ...Qf3.} 37. a6 $2 (37. Qa6) 37... Nf6 {( -> ...Qf3)} 38. b5 Qf3 0-1

[Event "GER-ch-Seniors-50 2019"]
[Site "Radebeul"]
[Date "2019.04.26"]
[Round "1.2"]
[White "Noldt, Torsten"]
[Black "Belke, Frank"]
[Result "0-1"]
[WhiteElo "2013"]
[BlackElo "2283"]
[Annotator "TA"]
[PlyCount "36"]
[EventDate "2019.04.26"]
[EventType "swiss"]
[EventCountry "GER"]
[SourceTitle "playchess.com"]
[Source "ChessBase"]
[SourceQuality "1"]

{[%evp 19,70,-29,-25,-28,-28,-29,-37,-68,-53,-60,-70,-204,-189,-284,-273,-268,-291,-288,-274,-293,-301,-302,-291,-469,-477,-477,-475,-495,-488,-487,-430,-425,-414,-546,-315,-408,-392,-435,-443,-435,-434,-529,-525,-721,-557,-554,-555,-29984,-593,-586,-586,-513,-528]} 1. Nf3 Nf6 2. g3 g6 3. Bg2 Bg7 4. O-O O-O 5. c4 d5 6. cxd5 Nxd5 7. Nc3 c5 8. Nxd5 Qxd5 9. d3 Nc6 10. Ng5 Qd7 11. Rb1 {A38: Symmetrical English vs ...g6: 4 Bg2 Bg7 5 Nf3 Nf6} (11. Be3 b6 12. Qa4 Nb8 13. Qh4 h6 14. Nf3 h5 15. Rae1 {½-½ (15) Arnaudov,P (2490)-Georgescu,T (2375) Albena 2013}) 11... h6 12. Ne4 b6 13. Be3 {Black is slightly better.} Bb7 14. Qa4 Rad8 15. Bxc5 $146 ({White should play} 15. Rfc1 $15) ({Predecessor:} 15. Nc3 e5 16. Qh4 Kh7 17. g4 Nd4 18. Bxd4 Bxg2 19. Kxg2 cxd4 {1-0 (58) Nuding,M (2143)-Weigert,W (2021) Bayern 2014}) 15... f5 $1 $19 ({Wrong is} 15... bxc5 $2 16. Nxc5 Qc7 17. Nxb7 $18) 16. Qb3+ (16. Rfd1 {was called for.}) 16... Kh7 17. Be3 fxe4 18. dxe4 Na5 {Played: Nc6-d4} 0-1

[Event "GER-ch-Seniors-50 2019"]
[Site "Radebeul"]
[Date "2019.04.26"]
[Round "1.3"]
[White "Nekrasov, Mihail"]
[Black "Steiger, Michael"]
[Result "1-0"]
[WhiteElo "2277"]
[BlackElo "1982"]
[Annotator "TA"]
[PlyCount "35"]
[EventDate "2019.04.26"]
[EventType "swiss"]
[EventCountry "GER"]
[SourceTitle "playchess.com"]
[Source "ChessBase"]
[SourceQuality "1"]

{[%evp 9,34,47,39,12,16,0,33,14,44,29,64,60,62,64,81,101,79,60,77,80,79,18,126,139,1103,1061,29999]} 1. e4 c5 2. Nf3 d6 3. d4 Nf6 4. Bb5+ Bd7 5. Bxd7+ Qxd7 6. e5 {B53: Sicilian: 2...d6: Lines with Qxd4} (6. dxc5 dxc5 7. Qe2 Qc6 8. Nc3 Nbd7 9. Bf4 a6 10. O-O-O e6 11. Rd2 Be7 12. Rhd1 O-O-O 13. Bd6 Bxd6 14. Rxd6 {1-0 (45) Andreikin,D (2733)-Adly,A (2603) Abu Dhabi 2016}) 6... dxe5 7. dxe5 Nd5 8. O-O {White is slightly better.} e6 9. Qe2 Be7 10. Rd1 $146 {Strongly threatening c4.} ({Predecessor:} 10. c4 Nb6 11. Rd1 Qc7 12. Nc3 a6 13. Bf4 O-O 14. Ne4 {1-0 (43) Beridze,T (2054)-Tqeshelashvili,S (2276) Tbilisi 2009}) 10... Qc7 11. c4 Nb4 12. Nc3 $36 {[%cal Bb1c3,Bc3e4,Be4f6][%mdl 2080] Keeping Black busy.} a6 13. Bf4 O-O 14. Ne4 Nd7 15. g3 (15. Bg3 $16) 15... Rfd8 {[#]} (15... Nc6 $11) 16. Nf6+ $1 $16 Kh8 $2 {[%mdl 8192] [#]} ({Not} 16... gxf6 $2 17. exf6 Qxf4 18. gxf4 $18) (16... Bxf6 $16 17. exf6 e5) 17. Ng5 $1 $18 {[%cal Rg5f7][%mdl 576] Double Attack} Nf8 18. Nxf7# {Accuracy: White = 70%, Black = 27%.} 1-0

[Event "GER-ch-Seniors-50 2019"]
[Site "Radebeul"]
[Date "2019.04.26"]
[Round "1.4"]
[White "Metz, Hartmut"]
[Black "Lauckner, Joerg"]
[Result "1-0"]
[WhiteElo "2251"]
[BlackElo "1975"]
[Annotator "RC"]
[PlyCount "83"]
[EventDate "2019.04.26"]
[EventType "swiss"]
[EventCountry "GER"]
[SourceTitle "playchess.com"]
[Source "ChessBase"]
[SourceQuality "1"]
[TimeControl "40/5400+30:1800+30"]

1. e4 {[%emt 0:00:00]} c5 {[%emt 0:00:00]} 2. Nf3 {[%emt 0:00:00]} g6 {[%emt 0:00:00]} 3. d4 {[%emt 0:00:00]} cxd4 {[%emt 0:00:00]} 4. Nxd4 {[%emt 0:00:32]} Nc6 {[%emt 0:00:04]} 5. Nc3 {[%emt 0:00:22]} Bg7 {[%emt 0:00:28]} 6. Nde2 {[%emt 0:00:25]} Nf6 7. g3 d6 {[%emt 0:03:28]} 8. Bg2 {[%emt 0:00:23]} Bg4 {[%emt 0:02:24]} 9. h3 {[%emt 0:00:23]} Be6 {[%emt 0:01:13]} 10. O-O {[%emt 0:00:56]} Bc4 {[%emt 0:17:58]} 11. Be3 {[%emt 0:03:43]} O-O {[%emt 0:01:13]} 12. Rc1 {[%emt 0:11:48]} Nd7 {[%emt 0:12:08]} 13. Re1 {[%emt 0:05:48]} Qa5 {[%emt 0:17:26]} 14. Bd2 {[%emt 0:03:38]} Rac8 {[%emt 0:09:12]} 15. a3 {[%emt 0:04:45]} f5 {[%emt 0:01:41]} 16. Nd5 {[%emt 0:05:37]} Qa6 {[%emt 0:21:01]} 17. exf5 {[%emt 0:16:14]} Rxf5 {[%emt 0:03:34]} 18. Nec3 {[%emt 0:05:23]} Re5 {[%emt 0:01:56]} 19. Qg4 {[%emt 0:10:09]} Rd8 {[%emt 0:01:58]} 20. f4 {[%emt 0:10:53]} Rxe1+ {[%emt 0:00:59]} 21. Rxe1 {[%emt 0:00:01]} Nf6 {[%emt 0:01:04]} 22. Nxf6+ {[%emt 0:04:19]} exf6 {[%emt 0:01:04]} 23. Kh2 {[%emt 0:02:12]} f5 {[%emt 0:00:59]} 24. Qd1 {[%emt 0:02:01]} d5 {[%emt 0:00:51]} 25. b3 {[%emt 0:05:15]} d4 {[%emt 0:00:06]} 26. Na4 {[%emt 0:00:43]} Bf7 {[%emt 0:00:23]} 27. Nc5 {[%emt 0:00:33]} Qb5 {[%emt 0:01:00]} 28. Ne6 {[%emt 0:01:03]} Re8 {[%emt 0:01:00]} 29. Nxg7 {[%emt 0:01:36]} Rxe1 {[%emt 0:00:10]} 30. Bxe1 {[%emt 0:01:22]} Kxg7 {[%emt 0:00:07]} 31. Bf2 {[%emt 0:00:45]} d3 {[%emt 0:00:30]} 32. c4 {[%emt 0:01:19]} Qa5 {[%emt 0:00:31]} 33. Qxd3 {[%emt 0:00:26]} Qxa3 {[%emt 0:00:12]} 34. h4 {[%emt 0:01:22]} Qb2 {[%emt 0:00:24]} 35. Be1 {[%emt 0:00:39]} Qc1 {[%emt 0:00:41]} 36. Bc3+ {[%emt 0:00:22]} Kh6 {[%emt 0:00:33]} 37. Bf6 {[%emt 0:00:33]} Qe1 {[%emt 0:00:54]} 38. Qd6 {[%emt 0:00:30]} Qe2 {[%emt 0:00:10]} 39. Qf8+ {[%emt 0:00:21]} Kh5 {[%emt 0:00:20]} 40. Qxf7 {[%emt 0:00:38]} Kg4 {[%emt 0:00:44]} 41. Qxh7 {[%emt 0:30:21]} Qe8 {[%emt 0:02:46]} 42. Qh6 {[%emt 0:00:00]} 1-0

[Event "GER-ch-Seniors-50 2019"]
[Site "Radebeul"]
[Date "2019.04.26"]
[Round "1.5"]
[White "Spiess, Thomas"]
[Black "Held, Peter"]
[Result "1/2-1/2"]
[WhiteElo "1965"]
[BlackElo "2179"]
[Annotator "NA RC"]
[PlyCount "90"]
[EventDate "2019.04.26"]
[EventType "swiss"]
[EventCountry "GER"]
[SourceTitle "playchess.com"]
[Source "ChessBase"]
[SourceQuality "1"]
[TimeControl "40/5400+30:1800+30"]

1. Nf3 {[%emt 0:03:32]} d5 {[%emt 0:00:00]} 2. c4 {[%emt 0:01:15]} c6 {[%emt 0:00:20]} 3. e3 {[%emt 0:00:29]} e6 {[%emt 0:00:59]} 4. d4 {[%emt 0:02:25]} f5 {[%emt 0:00:31]} 5. Bd3 {[%emt 0:00:09]} Nf6 {[%emt 0:00:19]} 6. O-O {[%emt 0:00:06]} Bd6 {[%emt 0:00:26]} 7. b3 {[%emt 0:00:09]} Qe7 {[%emt 0:02:06]} 8. Bb2 {[%emt 0:00:14]} O-O {[%emt 0:00:10]} 9. Qc1 {[%emt 0:00:08]} b6 {[%emt 0:01:17]} 10. Ba3 {[%emt 0:01:37]} c5 {[%emt 0:00:36]} 11. Nc3 {[%emt 0:04:20]} Nbd7 {[%emt 0:00:53]} 12. cxd5 {[%emt 0:03:24]} Nxd5 {[%emt 0:04:33]} 13. Nb5 {[%emt 0:08:29]} Bb8 {[%emt 0:04:11]} 14. dxc5 {[%emt 0:06:13]} bxc5 {[%emt 0:20:46]} 15. Rd1 {[%emt 0:12:53]} Bb7 {[%emt 0:04:18]} 16. Qd2 {[%emt 0:07:34]} a6 {[%emt 0:07:24]} 17. Nbd4 {[%emt 0:04:28]} Bd6 {[%emt 0:15:25]} 18. Ne2 {[%emt 0:29:18]} Rfd8 {[%emt 0:08:01]} 19. Ng3 {[%emt 0:02:11]} Ne5 {[%emt 0:10:31]} 20. Nxe5 {[%emt 0:07:41]} Bxe5 {[%emt 0:00:30]} 21. Rac1 {[%emt 0:00:03]} Rac8 {[%emt 0:04:52]} 22. Qe2 {[%emt 0:01:08]} Nc3 {[%emt 0:01:59]} 23. Rxc3 {[%emt 0:02:58]} Bxc3 {[%emt 0:00:04]} 24. Rc1 {[%emt 0:00:13]} Be5 {[%emt 0:03:36]} 25. Bc4 {[%emt 0:00:12]} Kh8 {[%emt 0:05:07]} 26. f4 {[%emt 0:00:21]} Bf6 {[%emt 0:02:23]} 27. Nh5 {[%emt 0:00:11]} Rd7 {[%emt 0:00:54]} 28. Nxf6 {[%emt 0:00:29]} gxf6 {[%emt 0:00:07]} 29. Bb2 {[%emt 0:00:51]} Rcd8 {[%emt 0:00:15]} 30. Bc3 {[%emt 0:00:12]} Rd6 {[%emt 0:01:23]} 31. Qh5 {[%emt 0:00:34]} Qg7 {[%emt 0:00:21]} 32. g3 {[%emt 0:00:19]} Be4 {[%emt 0:00:55]} 33. Qh4 {[%emt 0:00:35]} e5 {[%emt 0:00:12]} 34. fxe5 {[%emt 0:00:40]} fxe5 {[%emt 0:00:03]} 35. Bxa6 {[%emt 0:01:26]} Rd1+ {[%emt 0:00:16]} 36. Rxd1 {[%emt 0:00:04]} Rxd1+ {[%emt 0:00:05]} 37. Kf2 {[%emt 0:00:12]} Rd6 {[%emt 0:00:52]} 38. Bc4 {[%emt 0:00:17]} Bd5 {[%emt 0:00:37]} 39. Bxd5 {[%emt 0:00:30]} Rxd5 {[%emt 0:00:02]} 40. Qa4 {[%emt 0:00:42]} Qf8 {[%emt 0:01:26]} 41. Qc6 {[%emt 0:03:34]} Qd8 {[%emt 0:06:25]} 42. Qe6 {[%emt 0:12:30]} Rd2+ {[%emt 0:02:04]} 43. Bxd2 {[%emt 0:01:33]} Qxd2+ {[%emt 0:00:05]} 44. Kf3 {[%emt 0:02:44]} Qd1+ {[%emt 0:00:26]} 45. Kf2 {[%emt 0:00:36]} Qd2+ {[%emt 0:00:07]} 1/2-1/2

[Event "GER-ch-Seniors-50 2019"]
[Site "Radebeul"]
[Date "2019.04.26"]
[Round "1.6"]
[White "Terhorst, Jochen"]
[Black "Steinert, Frank"]
[Result "1/2-1/2"]
[WhiteElo "2165"]
[BlackElo "1960"]
[Annotator "NA"]
[PlyCount "46"]
[EventDate "2019.04.26"]
[EventType "swiss"]
[EventCountry "GER"]
[SourceTitle "playchess.com"]
[Source "ChessBase"]
[SourceQuality "1"]
[TimeControl "40/5400+30:1800+30"]

1. e4 {[%emt 0:00:00]} e6 {[%emt 0:00:00]} 2. d4 {[%emt 0:00:00]} d5 {[%emt 0:00:00]} 3. Bd3 {[%emt 0:00:00]} Nf6 {[%emt 0:02:12]} 4. e5 {[%emt 0:00:56]} Nfd7 {[%emt 0:00:03]} 5. Ne2 {[%emt 0:00:18]} c5 {[%emt 0:00:22]} 6. c3 {[%emt 0:00:07]} Nc6 {[%emt 0:00:26]} 7. Nd2 {[%emt 0:05:58]} cxd4 {[%emt 0:00:16]} 8. cxd4 {[%emt 0:00:14]} f6 {[%emt 0:00:56]} 9. Nf4 {[%emt 0:09:23]} Nxd4 {[%emt 0:00:01]} 10. Qh5+ {[%emt 0:01:01]} Ke7 {[%emt 0:00:27]} 11. exf6+ {[%emt 0:05:17]} Nxf6 {[%emt 0:00:24]} 12. Qh4 {[%emt 0:03:56]} e5 {[%emt 0:01:46]} 13. Ng6+ {[%emt 0:03:18]} hxg6 {[%emt 0:00:11]} 14. Qxh8 {[%emt 0:00:02]} Kf7 {[%emt 0:00:19]} 15. Qh4 {[%emt 0:11:27]} e4 {[%emt 0:02:34]} 16. Bb1 {[%emt 0:04:37]} Qc7 {[%emt 0:05:54]} 17. O-O {[%emt 0:16:05]} Bd6 {[%emt 0:10:13]} 18. f4 {[%emt 0:12:24]} Ne2+ {[%emt 0:06:31]} 19. Kh1 {[%emt 0:01:06]} Bf5 {[%emt 0:03:34]} 20. Nb3 {[%emt 0:02:14]} d4 {[%emt 0:06:25]} 21. Bd2 {[%emt 0:06:56]} e3 {[%emt 0:05:18]} 22. Bxf5 {[%emt 0:00:18]} gxf5 {[%emt 0:00:08]} 23. Nxd4 {[%emt 0:02:28]} exd2 {[%emt 0:10:23]} 1/2-1/2

[Event "GER-ch-Seniors-50 2019"]
[Site "Radebeul"]
[Date "2019.04.27"]
[Round "2.1"]
[White "Belke, Frank, Dr."]
[Black "Schulze, Andreas"]
[Result "1-0"]
[WhiteElo "2283"]
[BlackElo "2135"]
[Annotator "NA"]
[PlyCount "181"]
[EventDate "2019.04.26"]
[EventType "swiss"]
[EventCountry "GER"]
[SourceTitle "playchess.com"]
[Source "ChessBase"]
[SourceQuality "1"]
[TimeControl "40/5400+30:1800+30"]

{[%evp 9,174,15,18,32767,32767,29,32767,32767,57,27,58,16,43,6,32767,18,32767,6,4,0,18,18,13,-7,32767,32767,32767,32767,-2,32767,0,12,32767,32767,73,32767,32767,70,114,32767,112,32767,124,101,143,116,32767,151,32767,32767,174,32767,167,174,32767,183,177,186,183,181,176,181,175,183,187,32767,183,186,189,183,32767,32767,177,185,32767,32767,32767,183,32767,32767,188,191,182,185,32767,195,186,32767,32767,191,32767,32767,188,187,32767,180,186,32767,187,194,188,187,32767,32767,32767,32767,32767,32767,32767,32767,32767,32767,32767,32767,32767,32767,32767,32767,32767,188,32767,32767,32767,32767,293,32767,32767,32767,32767,151,151,0,146,0,0,0,0,32767,0,-50,0,0,0,0,0,0,0,32767,32767,32767,32767,0,0,-89,0,0,0,0,32767,32767,29982,29983,29983,29984,29984,32767,29962]} 1. d4 {[%emt 0:00:00]} f5 {[%emt 0:00:00]} 2. Nc3 {[%emt 0:00:00]} Nf6 {[%emt 0:00:10]} 3. Bg5 {[%emt 0:00:00]} d5 {[%emt 0:00:11]} 4. f3 {[%emt 0:00:00]} Nc6 {[%emt 0:03:01]} 5. Nh3 {[%emt 0:02:47]} (5. Qd2 h6 6. Bxf6 exf6 7. e3 Be6 8. Bb5 Qd7 9. Nge2 a6 10. Ba4 O-O-O 11. a3 b5 12. Bb3 Na5 {½-½ (26) Kveinys,A (2509)-Pap,M (2493) Bad Woerishofen 2017}) 5... e6 {[%emt 0:05:51]} 6. Qd2 {[%emt 0:01:51] A80: Dutch Defence: Unusual White second moves} Bb4 {[%emt 0:01:09]} 7. a3 {[%emt 0:00:14]} Ba5 $146 {[%emt 0:00:06]} ({Predecessor:} 7... Be7 8. e3 O-O 9. Nf2 a6 10. Be2 Kh8 11. Nd3 Qe8 12. Bf4 Bd6 {½-½ (42) Brumen,D (2359)-Deglmann,L (2402) Austria 2011}) 8. e3 {[%emt 0:02:03]} O-O {[%emt 0:06:28]} 9. Be2 {[%emt 0:09:31]} a6 {[%emt 0:12:32]} 10. b4 {[%emt 0:03:40]} Bb6 {[%emt 0:00:20]} 11. f4 {[%emt 0:00:02]} Qe8 {[%emt 0:09:45]} 12. Nf2 {[%emt 0:05:48]} Nd8 {[%emt 0:01:33]} 13. Bxf6 {[%emt 0:10:01]} Rxf6 {[%emt 0:01:34]} 14. g4 {[%emt 0:00:00]} c6 {[%emt 0:14:57]} 15. g5 {[%emt 0:00:30]} Rf8 {[%emt 0:00:06]} 16. Na4 {[%emt 0:03:16]} Bc7 {[%emt 0:00:06]} 17. Nc5 {[%emt 0:00:17]} b6 {[%emt 0:00:13]} 18. Nb3 {[%emt 0:00:04]} Nb7 {[%emt 0:03:56]} 19. O-O {[%emt 0:12:32]} Nd6 {[%emt 0:00:26]} 20. a4 {[%emt 0:02:03]} Bd7 {[%emt 0:04:01]} 21. a5 {[%emt 0:00:55]} b5 {[%emt 0:00:47]} 22. Nc5 {[%emt 0:00:22]} Qe7 {[%emt 0:01:18]} 23. Bf3 {[%emt 0:03:05]} Bc8 {[%emt 0:02:34]} 24. Nfd3 {[%emt 0:01:13]} Nc4 {[%emt 0:00:45]} 25. Qe2 {[%emt 0:02:49]} Bd6 {[%emt 0:00:08]} 26. h4 {[%emt 0:00:29]} Ra7 {[%emt 0:00:41]} 27. Rf2 {[%emt 0:00:52]} Kh8 {[%emt 0:00:34]} 28. Rg2 {[%emt 0:00:15]} Rc7 {[%emt 0:01:32]} 29. Kf2 {[%emt 0:00:42]} Ra7 {[%emt 0:00:48]} 30. Rh1 {[%emt 0:02:22]} Bd7 {[%emt 0:00:48]} 31. c3 {[%emt 0:01:13]} Be8 {[%emt 0:01:19]} 32. Ke1 {[%emt 0:05:37]} Ra8 {[%emt 0:02:55]} 33. Kd1 {[%emt 0:00:08]} Ra7 {[%emt 0:00:16]} 34. Kc1 {[%emt 0:00:02]} Ra8 {[%emt 0:00:53]} 35. Qe1 {[%emt 0:00:38]} Ra7 {[%emt 0:02:39]} 36. Bd1 {[%emt 0:00:26]} Bc7 {[%emt 0:01:47]} 37. h5 {[%emt 0:01:59]} Bd6 {[%emt 0:10:01]} 38. Bb3 {[%emt 0:02:53]} Ra8 {[%emt 0:00:13]} 39. Qg3 {[%emt 0:03:26]} Ra7 {[%emt 0:00:59]} 40. Bxc4 {[%emt 0:00:52]} bxc4 {[%emt 0:00:08]} 41. Ne5 {[%emt 0:31:05]} Bxe5 {[%emt 0:30:08]} 42. dxe5 {[%emt 0:00:52]} Bd7 {[%emt 0:01:27]} 43. Qe1 {[%emt 0:00:11]} Bc8 {[%emt 0:00:33]} 44. Qd2 {[%emt 0:00:09]} Ra8 {[%emt 0:05:00]} 45. Qd4 {[%emt 0:01:00]} Rb8 {[%emt 0:00:11]} 46. Kc2 {[%emt 0:03:50]} Kg8 {[%emt 0:00:17]} 47. Rb1 {[%emt 0:00:49]} Qc7 {[%emt 0:02:52]} 48. Rf2 {[%emt 0:00:55]} Qe7 {[%emt 0:00:35]} 49. Na4 {[%emt 0:03:24]} Rb5 {[%emt 0:00:11]} 50. Rbf1 {[%emt 0:00:36]} Qc7 {[%emt 0:05:23]} 51. Nc5 {[%emt 0:11:31]} Qe7 {[%emt 0:00:00]} 52. Rd2 {[%emt 0:00:00]} Qc7 {[%emt 0:00:00]} 53. Kd1 {[%emt 0:00:00]} Qe7 {[%emt 0:00:00]} 54. Ke2 {[%emt 0:00:00]} Qc7 {[%emt 0:00:00]} 55. Kf2 {[%emt 0:00:00]} Qe7 {[%emt 0:00:00]} 56. Ra1 {[%emt 0:00:00]} Qc7 {[%emt 0:00:00]} 57. h6 {[%emt 0:00:00]} g6 {[%emt 0:00:00]} 58. Rdd1 {[%emt 0:00:00]} Qe7 {[%emt 0:00:00]} 59. Qd2 {[%emt 0:00:00]} Qc7 {[%emt 0:00:00]} 60. Qc1 {[%emt 0:00:00]} Qa7 {[%emt 0:00:00]} 61. Rd4 {[%emt 0:00:00]} Qe7 {[%emt 0:00:00]} 62. Qa3 {[%emt 0:00:00]} Qa7 {[%emt 0:00:00]} 63. Rad1 {[%emt 0:00:00]} Qe7 {[%emt 0:00:00]} 64. R1d2 {[%emt 0:00:00]} Qa7 {[%emt 0:00:00]} 65. Qa2 {[%emt 0:00:00]} Qe7 {[%emt 0:00:00]} 66. Na4 {[%emt 0:00:00]} Bd7 {[%emt 0:00:00]} (66... Rb8 $142 67. Kf3 Rb5) 67. Nb6 {[%emt 0:00:00]} Be8 {[%emt 0:00:00]} 68. Nc8 {[%emt 0:00:00]} Qc7 {[%emt 0:00:00]} 69. Nd6 {[%emt 0:00:00]} Rb8 {[%emt 0:00:00]} 70. Qa3 $2 {[%emt 0:00:00]} (70. Rb2 $18) 70... Bf7 {[%emt 0:00:00]} (70... c5 $1 $11 71. bxc5 Rb3) 71. Nxc4 {[%emt 0:00:00]} ({White should try} 71. Rb2 $16) 71... c5 $1 {[%emt 0:00:00]} 72. bxc5 {[%emt 0:00:00]} dxc4 {[%emt 0:00:00]} 73. Rxc4 {[%emt 0:00:29]} Qc6 {[%emt 0:00:00]} 74. Rd1 {[%emt 0:03:58]} Rfd8 {[%emt 0:01:14]} 75. Rxd8+ {[%emt 0:02:20]} Rxd8 {[%emt 0:00:08]} 76. Rd4 {[%emt 0:00:11]} Rxd4 {[%emt 0:00:47]} 77. cxd4 {[%emt 0:00:24]} Be8 {[%emt 0:00:38]} 78. Qb3 {[%emt 0:02:23]} Kf8 {[%emt 0:05:01]} 79. Qb8 {[%emt 0:00:52]} Ke7 {[%emt 0:01:32]} 80. Qa7+ {[%emt 0:05:04]} Bd7 {[%emt 0:00:51]} 81. Qb8 {[%emt 0:00:01] [#]} (81. Qb6 $11) 81... Qc8 {[%emt 0:01:08]} ({Better is} 81... Bc8 $1 $17 82. Ke2 Qb5+ 83. Qxb5 axb5) 82. Qd6+ {[%emt 0:00:49]} Ke8 $1 {[%emt 0:01:23]} 83. d5 {[%emt 0:01:23]} exd5 {[%emt 0:00:48]} 84. Qf6 {[%emt 0:00:02]} Qc6 $2 {[%emt 0:03:20]} (84... Qxc5 $11 85. Qh8+ (85. e6 Bb5 $11) 85... Ke7) 85. Qh8+ {[%emt 0:00:28] Double Attack} Ke7 {[%emt 0:00:05]} 86. Qxh7+ {[%emt 0:00:02]} Kd8 {[%emt 0:00:00]} 87. Qh8+ {[%emt 0:00:26]} Kc7 {[%emt 0:00:06]} 88. Qf6 {[%emt 0:00:11]} Qa4 {[%emt 0:00:21]} 89. Qb6+ {[%emt 0:00:13]} Kc8 {[%emt 0:00:05]} 90. Qxa6+ {[%emt 0:00:46]} Kd8 {[%emt 0:00:08]} 91. h7 1-0

[Event "GER-ch-Seniors-50 2019"]
[Site "Radebeul"]
[Date "2019.04.27"]
[Round "2.2"]
[White "Wenner, Tobias"]
[Black "Nekrasov, Mihail"]
[Result "0-1"]
[WhiteElo "2108"]
[BlackElo "2277"]
[Annotator "TA"]
[PlyCount "62"]
[EventDate "2019.04.26"]
[EventType "swiss"]
[EventCountry "GER"]
[SourceTitle "playchess.com"]
[Source "ChessBase"]
[SourceQuality "1"]

{[%evp 9,78,-29,8,17,14,4,6,0,0,0,0,3,-1,-16,-16,-37,-39,-43,-17,-139,-147,-153,-152,-152,-146,-210,-67,-66,-43,-46,-6,-18,-12,-14,25,-20,-31,-29,0,-113,-119,-119,-86,-56,-60,-68,-36,-93,-57,-412,-408,-373,-332,-530,-480,-704,-714,-674,-570,-1028,-1041,-1182,-1189,-1086,-1040,-1517,-1033,-29966,-29952,-29988,-29989]} 1. Nf3 d5 2. c4 d4 3. b4 f6 4. Na3 (4. e3 e5 5. c5 a5 6. Qa4+ Qd7 7. Bb5 c6 8. Bc4 Na6 9. O-O Ne7 10. d3 dxe3 11. fxe3 Nd5 12. d4 b5 13. cxb6 Nxb6 {0-1 (26) Cordova,E (2597)-So,W (2765) chess.com INT 2019}) 4... e5 5. Nc2 Be6 6. d3 {A09: Réti Opening: 1 Nf3 d5 2 c4} a5 7. b5 Nd7 8. g3 {The position is equal.} Nc5 9. Bg2 Qd7 10. Ba3 O-O-O $146 ({Predecessor:} 10... Bh3 11. O-O Bxg2 12. Kxg2 {0-1 (49) Wenner,T (2056)-Humburg,P (2226) Bad Wiessee 2016}) 11. Qd2 b6 12. Bxc5 Bxc5 13. O-O-O Ne7 14. Rhe1 (14. e3 $11 {remains equal.}) 14... c6 $17 15. a4 cxb5 16. axb5 Kb8 17. Kb1 {[#]} (17. Ng1 $17) 17... g5 (17... Nd5 $1 $19 {[%mdl 512] ...Nc3+ is the strong threat.} 18. Kb2 (18. cxd5 Qxb5+) 18... Nc3) 18. Qc1 $1 $15 h5 19. Nd2 Qc7 20. Ne4 Rhf8 21. f4 exf4 22. Nxc5 Qxc5 23. gxf4 Nf5 (23... Ng6 $5 {[%cal Rg6f4]} 24. fxg5 fxg5 $11) 24. Rf1 (24. fxg5 $11 {keeps the balance.} fxg5 25. Qxg5) 24... g4 $17 25. Qb2 Ne3 26. Nxe3 dxe3 27. f5 Bxf5 28. Rf4 (28. Bd5 $1 $15 Rxd5 29. cxd5 Qxd5 30. Rc1) 28... Bc8 29. Rxf6 $2 {[%mdl 8192]} (29. Bc6 $15) 29... Rxf6 $19 30. Qxf6 {[#]} Rf8 $1 {[%cal Rf8f6]} 31. Qb2 (31. Qh6 {keeps fighting.} Rf2 {[%mdl 64] Double Attack} 32. Bc6) 31... Qb4 {Played: Rf8-f2} 0-1